ბათუმის შოთა რუსთაველის სახელმწიფო უნივერსიტეტის ბიბლიოთეკა

ღრუბლებში. (ბიბ.ჩანაწერი № 44041)

000 -LEADER
fixed length control field 00732nam a2200217Ia 4500
001 - CONTROL NUMBER
control field 10793
003 - CONTROL NUMBER IDENTIFIER
control field GE_BSU
008 - FIXED-LENGTH DATA ELEMENTS--GENERAL INFORMATION
fixed length control field 181216s||||||||xx |||||||||||||| ||und||
040 ## - CATALOGING SOURCE
Transcribing agency GE_BSU
080 ## - UNIVERSAL DECIMAL CLASSIFICATION NUMBER
Universal Decimal Classification number 94(47+57) "1941-1945" (093.3)
100 ## - MAIN ENTRY--PERSONAL NAME
Personal name ქავთარაძე,გიორგი.
245 ## - TITLE STATEMENT
Title ღრუბლებში.
245 ## - TITLE STATEMENT
Remainder of title ჯარისკაცის ჩანაწერები.
245 ## - TITLE STATEMENT
Statement of responsibility, etc. რედ.მ.წიკლაური; მხატვ.ნ.იანქოშვილი.
260 ## - PUBLICATION, DISTRIBUTION, ETC.
Place of publication, distribution, etc. თბილისი.
260 ## - PUBLICATION, DISTRIBUTION, ETC.
Name of publisher, distributor, etc. საბჭ.საქართველო.
260 ## - PUBLICATION, DISTRIBUTION, ETC.
Date of publication, distribution, etc. 1974.
300 ## - PHYSICAL DESCRIPTION
Extent 550გვ;20სმ.
653 ## - INDEX TERM--UNCONTROLLED
Uncontrolled term ღრუბლებში.
942 ## - ADDED ENTRY ELEMENTS (KOHA)
Koha item type წიგნი
ეგზემპლარები
Withdrawn status Lost status Damaged status Not for loan Date acquired Barcode Date last seen Price effective from Koha item type
        2018-12-17 35284 2018-12-17 2018-12-17 წიგნი